Batman Villains - Statistics

General Stats
  • This quiz has been taken 162 times
  • The average score is 17 of 19
Answer Stats
Origin/Power Alter Ego Villain % Correct
Female criminal with cat like powers loves diamonds Selina Kyle Catwoman
100%
Clown like criminal has proven he is Batman's all time biggest foe N/A Joker
100%
Former Gotham DA got half of his face burned off and brought out his dual personality flips coins to make crusial decisions Harvey Dent Two-Face
100%
One off Gotham biggest crime lords this man has worked himself to the throne of the underworld Oswald Cobblepot Penguin
98%
This woman cares more about plants than anything else and wants the plants to rule the universe Pamela Isley Poison Ivy
98%
Obsessed with riddles and comits his crime with it Edward Nygma the Riddler
98%
Trying to cure his wife who was in cryogenic status but had to force himself into crime for his research with a freeze gun and suit Victor Fries Mr. Freeze
96%
Broke the bat also gaines super strength due to a super Venom N/A Bane
94%
Lover of #1 but also capable to take care of her own carries a giant hammer Harleen Quinzel Harley Quinn
93%
Obsessed with fear and has a serum that lets people see their biggest fears Jonathan Crane Scarecrow
93%
This man has a skin condition that slowly turned him into a huge crocodile he runs the sewers of Gotham Waylon Jones Killer Croc
91%
Leader of the League of Assassins N/A Ra's Al Ghul
88%
Obsessed with Alice in Wonderland he can also control minds Jervis Tetch Mad Hatter
87%
Due to serum he turned into a huge bat Kurt Langstrom Man-Bat
87%
Actor that gained a power to reshape his body he can impersonate everyone Basil Karlo Clayface
85%
Childhood friend of Bruce Wayne wears bandages over his head Tommy Elliot Hush
81%
Knows Batmans Alter Ego and is a mad scientist in Arkham Asylum N/A Hugo Strange
73%
Serial killer who leaves his victims with a pig head Lazlo Valentin Professor Pyg
69%
Serial killer who counts his victims on his body N/A Victor Zsasz
69%
No matching quizzes found
Score Distribution
Percent of People with Each Score
Percentile by Number Answered
Your Score History
You have not taken this quiz